[Event "Chigorin Memorial 07th"]
[Site "St Petersburg"]
[Date "1999.11.05"]
[Round "4"]
[White "Nouro, Mikael"]
[Black "Zakharevich, Igor"]
[Result "1-0"]
[WhiteElo "2344"]
[BlackElo "2523"]
[Annotator "Kundin,A"]
[PlyCount "79"]
[EventDate "1999.11.02"]
[EventType "swiss"]
[EventRounds "9"]
[EventCountry "RUS"]
[SourceTitle "CBM 074"]
[Source "ChessBase"]
[SourceDate "2000.02.01"]
[SourceVersion "1"]
[SourceVersionDate "2000.02.01"]
[SourceQuality "1"]

1. e4 d6 2. d4 Nf6 3. Nc3 g6 4. g3 Bg7 5. Bg2 O-O 6. Nge2 e5 7. h3 c6 8. a4
exd4 9. Nxd4 Re8 (9... Na6 10. O-O Nb4 11. a5 Re8 12. Nde2 $6 Re5 {Motwani,
P-Ivanchuk,V/Novi Sad (ol) 1990/Inf 50/[Ivanchuk,V]/0-1 (46)}) 10. O-O Na6 11.
Re1 Nb4 {Black hasn't any real problems. Now he wishes to equalize with d5.}
12. Nde2 $146 (12. a5 d5 13. e5 Ne4 14. Nxe4 dxe4 15. c3 Rxe5 16. Bf4 Re8 17.
Rxe4 Rxe4 18. Bxe4 Nd5 19. Bc1 Nf6 20. Bg2 Bd7 {1/2-1/2 Bashkov,V-Zakharevich,
I/Perm 1997/CBM 58 (20)}) 12... d5 13. exd5 Nfxd5 14. Nxd5 Nxd5 $11 15. c3 (15.
Bxd5 $6 cxd5 $15 {[%csl Gg1]}) 15... a5 {Unnecessary lost of time.} (15... Bf5
16. Nf4 (16. Nd4 $6 Rxe1+ 17. Qxe1 Bxd4 $1 18. cxd4 Qd7 $15) 16... Rxe1+ 17.
Qxe1 Nxf4 18. Bxf4 $11) 16. Nf4 Rxe1+ 17. Qxe1 Nb6 {[%csl Gb6] The knight
looks misplaced there, but actually he attacks the a4 pawn and thus grounds
the rook. Besides, black understandably wanted to avoid exchanges in a
simmetrical position, playing with a (perhaps) weaker opponent.} (17... Nxf4
18. Bxf4 Be6 19. Be5 $11) 18. Qe2 Bf5 19. Be3 Qc7 20. c4 Rd8 21. c5 Nd5 $5 (
21... Nd7 22. Rd1 Ne5 23. Rxd8+ Qxd8 $11 {White's pawns on the queenside are
not less vulnerable than black's are.}) 22. Nxd5 cxd5 {[%cal Gd5d4] Creating a
dangerous passed pawn.} 23. Bg5 $1 Rc8 24. Bxd5 Bd4 $6 (24... Qxc5 25. Bxb7 Rb8
26. Rc1 Qd4 $11) (24... Bxh3 $11) 25. Qf3 $1 {[%csl Gb7,Gf7]} Bxc5 (25... Bxh3
26. Re1 $16 {/\Re7}) 26. Re1 {Now white exerts some unpleasant pressure.} Qd7
$6 {The game became complicated tactically and the players couldn't quite cope.
} (26... Qb6 $1 {/\} 27. Bxb7 (27. g4 Be6 28. Bxe6 fxe6 $14) 27... Bxf2+ 28.
Qxf2 Qxb7) 27. Rd1 $2 (27. Bxb7 Rb8 28. Bc6 $16) 27... Qxa4 (27... Bxh3 28.
Bxb7 Qg4 $1 29. Qxg4 Bxg4 30. Rd5 Bf3 31. Bxc8 Bxd5 32. Bd2 Bc6 33. Bxa5 Bxa4
34. b4 {[%cal Gb4b8] +/=/+/-}) 28. b3 Qa2 $2 {A blunder.} (28... Qb4 29. Bxb7
Re8 $11 {/\Re1}) 29. b4 $1 $18 Qxf2+ 30. Qxf2 Bxf2+ 31. Kxf2 axb4 32. g4 Bc2
33. Rd2 $6 (33. Re1 $142 $1 {Was more accurate.} b3 34. Re7 $18 {[%csl Gg8]})
33... b3 34. Bf6 {Now black is unable to organize counterplay due to the
weakness of his own king. Also there is still a threat of Re2-e7.} h6 35. Ke3
$6 (35. Bxb7 Rb8 36. Rd7 {[%csl Gg8][%cal Gb7d5] Was winning faster.}) 35... g5
36. Rf2 {[%csl Gg8]} b5 $6 (36... Rc7 $1 {[%cal Gc7f7,Gc7b7] Was the only way
to continue.}) 37. Be5 $18 Rf8 38. Rf6 Kh7 39. Rxf7+ Rxf7 40. Bxf7 {The
easiest thing in order to win is to swap off the bishops, for black cannot
avoid it.} (40. Bxf7 Bd1 41. Bd5 Kg6 42. Be4+ Kf7 43. Kd2 Bc2 44. Bxc2 bxc2 45.
Kxc2 Kg6 46. Kb3 h5 47. Kb4 hxg4 48. hxg4 Kf7 49. Bd4 $1 (49. Kxb5 $2 Ke6 $11)
49... Ke6 50. Be3 $18) 1-0

[Event "Cacak"]
[Site "Cacak"]
[Date "1996.??.??"]
[Round "2"]
[White "Leko, Peter"]
[Black "Hodgson, Julian M"]
[Result "1-0"]
[WhiteElo "2630"]
[BlackElo "2550"]
[Annotator "Leko,P"]
[PlyCount "43"]
[EventDate "1996.11.??"]
[EventType "tourn"]
[EventRounds "9"]
[EventCountry "YUG"]
[EventCategory "13"]
[SourceTitle "CBM 057"]
[Source "ChessBase"]
[SourceDate "1997.04.01"]
[SourceVersion "1"]
[SourceVersionDate "1997.04.01"]
[SourceQuality "1"]

1. e4 d6 2. d4 Nf6 3. Nc3 c6 4. f4 Qb6 $5 5. e5 $1 Nd5 6. Nxd5 cxd5 7. Bd3 g6
8. Ne2 $1 Nc6 9. c3 Bf5 (9... h5 10. exd6 e6 (10... exd6 11. f5 $1 $40) 11. Ng1
$1 Bxd6 12. Nf3 $16 {>< Bc8}) 10. Bxf5 gxf5 11. Ng3 e6 12. O-O h5 $6 (12...
O-O-O 13. Kh1 Be7 14. Nh5 (14. Qh5 $5)) 13. Nxh5 dxe5 14. fxe5 Nxe5 15. Nf6+
Kd8 16. Rxf5 $3 Bd6 (16... exf5 17. Nxd5 Qg6 18. dxe5 Qh5 19. Bg5+ $1) 17. Rf2
Ng6 18. g3 Kc7 19. Qg4 $1 Rad8 20. Bg5 Kb8 21. Re1 Qa5 22. Nh5 $1 1-0

[Event "Copenhagen BSF"]
[Site "Copenhagen"]
[Date "1995.??.??"]
[Round "1"]
[White "Leko, Peter"]
[Black "Hansen, Curt"]
[Result "1/2-1/2"]
[WhiteElo "2555"]
[BlackElo "2630"]
[Annotator "Leko,P"]
[PlyCount "66"]
[EventDate "1995.03.??"]
[EventType "tourn"]
[EventRounds "11"]
[EventCountry "DEN"]
[EventCategory "12"]
[SourceTitle "CBM 046"]
[Source "ChessBase"]
[SourceDate "1995.06.01"]
[SourceVersion "1"]
[SourceVersionDate "1995.06.01"]
[SourceQuality "1"]

1. e4 g6 2. d4 Bg7 3. Nf3 d6 4. c3 Nf6 5. Bd3 O-O 6. O-O Nc6 7. b4 $5 Bg4 8. h3
$6 (8. Nbd2 e5 9. d5 Ne7 10. h3 Bd7 11. c4 Nh5 12. Nb3 Nf4 13. Bc2 $13) 8...
Bxf3 9. Qxf3 Nd7 10. Nd2 (10. b5 $2 Nxd4 $1 $19) 10... e5 11. d5 Ne7 12. Qe2 (
12. Nb3 $6 f5 13. Qe2 c6 14. c4 cxd5 15. cxd5 Nf6 $17) 12... c6 13. c4 cxd5 (
13... f5 $6 14. dxc6 bxc6 15. Rb1 $13) 14. cxd5 Nxd5 15. exd5 e4 16. Rb1 (16.
Nxe4 Bxa1 17. Bg5 Bf6 18. Nxf6+ Nxf6 19. Qb2 Kg7 20. Re1 h6 21. Bh4 Rc8 $15)
16... exd3 17. Qxd3 Ne5 18. Qb3 Re8 19. Bb2 $6 (19. Nf3 $1 Rc8 20. Nxe5 Bxe5
21. Be3 $10) 19... Rc8 20. Rfe1 (20. a4 $1 $15) 20... b5 $1 21. Bxe5 Rxe5 22.
Qd3 a6 (22... Rxe1+ 23. Rxe1 a6) 23. Rec1 Qe8 $1 24. Nf3 $6 Re7 25. Kf1 Rec7
26. Rxc7 Rxc7 27. Re1 (27. Nd4 $6 Bxd4 28. Qxd4 Rc4 29. Qf6 Qe5 $17) 27... Qc8
28. Qe4 $6 Rc1 (28... Bc3 $5 29. Qe8+ Qxe8 30. Rxe8+ Kg7 31. Re4 $17 (31. Ra8
Bxb4 32. Rxa6 Rc1+ 33. Ke2 Rc2+ 34. Kf1 Bc5 $19)) 29. g4 Rxe1+ 30. Nxe1 Qc1 $2
(30... Qc3 $1 31. Kg2 Qb2 32. Nf3 Qxa2 33. Qe8+ (33. Ng5 Be5) 33... Bf8 34. Qc6
Qc4 35. Qxc4 (35. Ng5 Qf4) 35... bxc4 36. Nd4 Bg7 37. Nc2 f5 38. gxf5 gxf5 39.
Kf3 Kf7 $19) 31. Qc2 $1 $10 Qf4 32. a3 Be5 (32... Bd4 33. Kg2 $10) 33. Ke2 Kg7
1/2-1/2

[Event "Malakoff op 09th"]
[Site "Malakoff"]
[Date "2009.04.14"]
[Round "6"]
[White "Abergel, Thal"]
[Black "Giffard, Nicolas"]
[Result "1/2-1/2"]
[WhiteElo "2497"]
[BlackElo "2377"]
[Annotator "Malakoff/Primel,D"]
[PlyCount "146"]
[EventDate "2009.04.11"]
[EventType "swiss"]
[EventRounds "9"]
[EventCountry "FRA"]
[SourceTitle "EXT 2010"]
[Source "ChessBase"]
[SourceDate "2010.11.25"]
[SourceVersion "1"]
[SourceVersionDate "2010.11.25"]
[SourceQuality "1"]

1. e4 c6 2. Ne2 {une ligne secondaire souvent jouée par ABERGEL mais il avait
pourtant eu une trés mauvaise partie sur cette ligne l'année dernière contre
VALLEJO PONS} e5 $5 {Une ligne secondaire solide} (2... d5 3. e5 c5 (3... d4 $5
4. b4 {[%csl Gc5]} a5 5. Bb2 d3 6. Nf4 dxc2 7. Qxc2 e6 (7... axb4 8. e6 $5 Bxe6
9. Nxe6 fxe6 10. Bc4 $32) 8. b5 Ne7 9. Nc3 Ng6 10. Nh5 Nd7 11. Be2 Ndxe5 12.
O-O {Abergel,T (2497)-Housieaux,D (2420) FRA-chT Top 16 GpA 2009 (6) 1-0}) 4.
d4 Nc6 5. dxc5 e6 6. Nd4 Bxc5 7. Nxc6 Qh4 $1 {Abergel,T (2499)-Vallejo Pons,F 
(2650) Paris Apsap op 102nd 2008 (5) 0-1}) 3. d4 d6 4. Nbc3 Nf6 5. f4 $5 $146 {
Une nouveauté au 5ème coup!} ({RR} 5. a4 h5 6. h3 h4 7. Be3 Be7 8. Qd2 Nbd7 9.
g4 hxg3 10. Nxg3 g6 11. O-O-O Qa5 12. f4 Rh4 13. Kb1 a6 14. Qf2 Rh7 15. Bc4 b5
16. Bb3 Rb8 17. Rhf1 Rb7 18. fxe5 dxe5 19. dxe5 Nxe5 {Iordachescu,V (2634)
-Badea,B (2509)/Tusnad 2004/EXT 2008/1-0}) (5. f3) 5... Qa5 {[%cal Ga5e1,Gf6e4]
} (5... Nbd7) 6. Qd3 (6. Bd2 Qb6 {[%csl Rb2][%cal Ge5d4]} 7. Na4 Qc7 $11) 6...
Na6 $11 7. a3 Be7 (7... Nb4 $2 8. Qd1 Nxe4 9. Bd2 Nxd2 10. axb4 Qxb4 11. Qxd2
Qxb2 12. Rb1 $40) 8. Rb1 {[%cal Gb2b4]} Qd8 (8... O-O 9. b4 Qd8) 9. b4 Nc7 (
9... O-O) 10. f5 {[%csl Rc8]} g6 $1 11. Ng3 h5 $1 {[%csl Rg3][%cal Gh5h4]} 12.
dxe5 dxe5 13. Qxd8+ Bxd8 14. Bd3 h4 15. Nge2 gxf5 {La nouveauté 5.f4 a fait
long feu} 16. exf5 Ncd5 $36 17. Ne4 Nxe4 18. Bxe4 Bb6 $15 {[%csl Gb6,Re1,Re3,
Rf2,Rg1]} 19. c4 Nf6 20. Bc2 Rh5 {[%csl Rf5]} 21. c5 Bc7 22. O-O Bd7 23. Nc3
O-O-O {[%cal Gd8g8,Gh4h3]} 24. Ne4 Nd5 25. f6 Rg8 26. Rb3 Be6 {[%cal Ge6b3]}
27. Rbf3 Nf4 $36 {[%csl Gf4]} 28. Bxf4 exf4 29. Bb3 Bxb3 (29... Bd5) 30. Rxb3
h3 $1 31. g3 fxg3 32. Nxg3 Rd5 $17 {[%csl Gc7,Gd5,Rg1,Rg2,Rg3,Gh3] les pièces
noirs sont nettement plus actives et le K blanc est en danger} 33. Re3 {
[%csl Rf7][%cal Ge3e7]} Rd2 34. Rfe1 (34. Re7 $4 Bxg3 $19) 34... Rg6 35. Rf3
Bd8 {[%csl Rf6]} (35... Rg2+ 36. Kh1) 36. Ref1 Re2 (36... a5 $5) 37. Kh1 Re6
38. Nf5 $1 Rexf6 39. Rxh3 Rg5 40. Rhf3 {[%cal Gf3f6]} Kc7 41. Nd6 $1 Rxf3 42.
Rxf3 f6 {[%csl Rd8]} 43. Nf5 {[%csl Rd8,Gf5][%cal Gh2h4] Le N est presque plus
fort que le Bd8 gêné par le Pf6 car il va soutenir la poussée du P passé "h"}
b6 44. h4 {[%csl Gh4][%cal Gh4h8]} Rh5 45. Kg2 $36 {[%cal Gg2g3,Gg3g4]} bxc5
46. bxc5 Kb7 47. Kh3 Ka6 48. Kg4 $16 Rh8 49. h5 {[%cal Gh5h6,Gg4h5,Gh5g6] Le
GMI a maintenant des bonnes chances de gains mais la cadence rapide ne permet
pas toujours de jouer précisémment les finales} Kb5 50. h6 Ba5 51. Kh5 $40 Bd2
52. Nd6+ (52. Kg6) 52... Ka4 (52... Kxc5 53. Ne4+) 53. Nf7 Rh7 54. Rxf6 Bxh6 $3
{le gain des blancs devient compliqué car les blancs vont avoir deux pièces
mal placées sur la colonne "h" alors que le P"a5" peut être dangereux} 55. Nxh6
$2 (55. Kg6 $1 {Un coup intermédiaire important qui donne des meilleures
chances pratiques aux blancs} Rxf7 56. Rxf7 Be3 57. Rxa7+ Kb5 58. Kf5 Bxc5 59.
Ra8 Bf2 60. Ke4 {[%cal Ge4c2]}) 55... Kxa3 56. Rxc6 Kb4 $132 {[%csl Ga7,Rc5,
Rh5,Rh6][%cal Ga7a5] la pièce supplémentaire n'est pas facile а exploiter} 57.
Kg6 Rh8 58. Nf7 $6 (58. Nf5 $142 Ra8 59. Rc7 a5 60. c6 a4 61. Rb7+) 58... Ra8
$1 {[%csl Ga7][%cal Ga7a1]} 59. Ne5 (59. Ng5 Kb5 60. Rc7 a5 61. Ne6 a4 $132)
59... a5 $132 60. Nd7 a4 61. Rb6+ Kc3 62. c6 a3 $11 63. Nc5 a2 {[%csl Ga2]} 64.
Nb3 Kc4 65. Kf7 a1=Q $1 {[%csl Gc5] eloigne le N pour activer le K noir en
passant par "c5"} 66. Nxa1 Kc5 67. Rb1 Kxc6 {La finale B+ R contre R est déjà
difficile а gagner mais les chances de gains sont encore plus réduites avec un
N car normalement, il n'est pas possible de chasser le K adverse а la bande
mais le GMI va tenter sa chance en espérant une faute en phase KO. Il y a en
effet quelques cas rares ou le cas est possible comme dans la position de
Centurini.} 68. Nb3 Kd5 69. Rd1+ Ke5 70. Nc5 Ra7+ 71. Nd7+ Kf5 72. Rf1+ Ke4 73.
Ke6 Ra6+ {[%mdl 4096] et nulle au 113ème coup!} 1/2-1/2

[Event "Andorra op 16th"]
[Site "Andorra"]
[Date "1998.??.??"]
[Round "6"]
[White "Jansa, Vlastimil"]
[Black "Marin, Mihail"]
[Result "1/2-1/2"]
[WhiteElo "2480"]
[BlackElo "2545"]
[Annotator "Marin,M"]
[PlyCount "27"]
[EventDate "1998.06.??"]
[EventType "swiss"]
[EventRounds "9"]
[EventCountry "AND"]
[SourceTitle "EXT 2003"]
[Source "ChessBase"]
[SourceDate "2002.11.25"]
[SourceVersion "1"]
[SourceVersionDate "2002.11.25"]
[SourceQuality "1"]

1. e4 d6 2. d4 Nf6 3. Nc3 g6 4. Be3 c6 5. h3 Bg7 6. f4 Qb6 7. Qd2 (7. a3) (7.
Rb1) 7... Qxb2 8. Rb1 Qa3 9. Bd3 e5 (9... d5 10. e5 Nh5 (10... Ne4) 11. Nge2 f5
12. Rg1 Bf8 13. g4 Ng7 14. Ng3) 10. Nge2 (10. dxe5 dxe5 11. f5 gxf5 12. exf5 e4
13. Bxe4 (13. Nxe4 Nxe4 14. Bxe4 Bc3) 13... O-O) 10... exd4 11. Bxd4 O-O (11...
Nbd7 12. e5 dxe5 13. fxe5 Nd5 14. e6) 12. O-O Nbd7 13. Rf3 (13. e5 dxe5 14.
fxe5 Ne8 (14... Nd5 15. Ne4 Bxe5 16. c4 $44)) 13... Ne8 14. Kh1 (14. Kh1 Qa5
15. Rbf1 b6 $5 {Oms} 16. Bxg7 Kxg7 17. Ng3 Bb7 18. Bc4 Rd8 19. Qd4+ f6) 1/2-1/2